| 000 | 00786nam a2200217Ia 4500 | ||
|---|---|---|---|
| 999 |
_c41381 _d41381 |
||
| 001 | 8043 | ||
| 003 | GE_BSU | ||
| 005 | 20200116145336.0 | ||
| 008 | 181216s2013||||ge |||||||||||||| ||geo|| | ||
| 040 | _cGE_BSU | ||
| 041 | _ageo | ||
| 080 | _a551.58(479.223) ა-95 | ||
| 245 | _aაჭარის კლიმატის ცვლილების სტრატეგია. | ||
| 264 |
_aთბილისი, _c2013. |
||
| 300 |
_a364 გვ.: _bილ.; _c21 სმ. |
||
| 653 | _aაჭარის კლიმატი | ||
| 653 | _aგეოლოგია | ||
| 653 | _aმეტეოროლოგია | ||
| 856 |
_uhttps://www.undp.org/content/dam/georgia/docs/publications/UNDP_GE_EE_Ajara_CC_2013_geo.pdf _yელ. ვერსია, pdf |
||
| 942 |
_cBK _2udc |
||